Loading...

Matrilineal Communities,Patriarchal Realities:a feminist nirvana uncovered

Bibliographic Details
Main Author: Kanchana N Ruwanpura
Format: Printed Book
Published: New Delhi Zubaan 2006
Subjects:
LEADER 00640nam a22001691a 4500
020 |a 9788189013042  |c 0.00 
040 |a SSUS - Library - Kalady 
082 |a 305.488 91413  |b KAN/M 
100 |a Kanchana N Ruwanpura  
245 |a Matrilineal Communities,Patriarchal Realities:a feminist nirvana uncovered  |h [Text] 
260 |a New Delhi  |b Zubaan  |c 2006 
300 |a 242p. 
600 |a Feminism Srilankans 
852 |h 305.488 91413  |i KAN/M  |p 056064  |9 395.00  |t 0 
942 |c BK 
999 |c 28247  |d 28247 
952 |0 0  |1 0  |4 0  |6 305_488000000000000_91413_KAN_M  |7 0  |9 40747  |a SSUS  |b SSUS  |d 2015-01-08  |g 395.00  |o 305.488 91413 KAN/M  |p 056064  |r 2015-01-08  |v 0.00  |w 2015-01-08  |y BK